=LDR 00000nam 2200000 4500 =001 INLIS000000000002169 =005 20220118114153 =035 ##$$a 0010-0122000844 =245 1#$$a Start Motor Resistor (Liquid Starter) Pada Finish Mill 2/3 PT. Semen Tonasa : $b Kuliah Kerja Praktek /$c Amriadi Amiruddin =100 1#$$a AMIRUDDIN, Amriadi =250 ##$$a 2018 =300 ##$$a xii, 59 halaman : $b Tabel, Gambar ; $c 20x29,3 cm =856 ##$$a OPAC (Rak KKP OSP 2018) =260 ##$$a Makassar :$b Politeknik ATI Makassar - Otomasi Sistem Permesinan,$c 2018 =082 ##$$a (R)2018 LKKP-OSP 818 =084 ##$$a (R)2018 LKKP-OSP 818 AMI s =650 #4$$a Laporan Praktek OSP 2018 =500 ##$$a Laporan Praktek OSP 2018 =990 ##$$a 183/LKKP OSP 2018